|
|
|
|
| LEADER |
00000nab a2200000uu 4500 |
| 001 |
vtls011506492 |
| 003 |
SK-MaSNL |
| 005 |
20260304030013.0 |
| 008 |
250310|1971 xo |||||||||||||||||slo| |
| 015 |
|
|
|a SNBRB
|
| 035 |
|
|
|a (urnnbn)urn:nbn:sk:snk:ar-a0avzg
|
| 035 |
|
|
|a (uuid)516e0497-754c-4931-b07b-a50a97428439
|
| 035 |
|
|
|a urn:nbn:sk:snk-abdznw
|
| 040 |
|
|
|a SNKBUCL
|b slo
|c SNKBUCL
|e AACR2
|
| 041 |
0 |
|
|a slo
|
| 044 |
|
|
|a xo
|c SK
|
| 100 |
1 |
|
|a Kováč, Juraj,
|d 1935-2004
|4 aut
|9 186991
|
| 245 |
1 |
0 |
|a J. C. Hronský: Smelý zajko v Afrike
|c Juraj Kováč
|
| 650 |
0 |
7 |
|a slovenské rozprávky
|2 SNKPH
|9 85369
|
| 650 |
0 |
7 |
|a autorské rozprávky
|2 SNKPH
|9 31369
|
| 655 |
|
7 |
|a recenzie
|2 SNKPH
|9 21907
|
| 773 |
0 |
|
|t Zlatý máj : kritická revue tvorby pro mládež
|g Roč. 15, č. 3 (1971), s. 176-177
|
| 787 |
0 |
8 |
|i Rec.:
|a Hronský, Jozef Cíger
|t Smelý zajko v Afrike
|d Bratislava : Mladé letá, 1970
|
| 958 |
|
|
|a OND
|
| 958 |
|
|
|a article20
|
| 999 |
|
|
|c 2631114
|d 2633044
|